| 000 | 00620nam a2200169 a 4500 | ||
|---|---|---|---|
| 001 | 000025814 | ||
| 005 | 20200930024053.0 | ||
| 008 | 110217s1992 is r 000 | spa d | ||
| 040 |
_aDO-SdBNP _bspa _cBNPHU |
||
| 082 |
_axxx _bS618r |
||
| 245 | 1 | 0 |
_aSion : _brebelion y cumplimiento : dos capitulos del manuscrito inedito de Enrique Fabregat / _cedición José Luis Najenson; introducción Netanel Lorch. |
| 260 |
_aJerusalem : _bInstituto Cultural Israel-Ibero America, _c1992. |
||
| 300 |
_a98 p. ; _c20 cm. |
||
| 700 | 1 |
_aNajenson, José Luis, _eed. _952640 |
|
| 700 | 1 |
_aLorch, Netanel, _eintrod. _952641 |
|
| 049 | _aBNGR | ||
| 999 |
_c25306 _d25306 |
||